000
00342nam a2200133Ia 4500
008
240624s9999 xx 000 0 und d
041
_a
eng
082
_a
343.0999 SHA
100
_a
SHARMA VAKUL
245
_a
INFORMATION TECHNOLOGY LAW AND PRACTICE
260
_c
2004
_a
Delhi
_b
Universal Law Publishing
300
_a
xxxiv, : 454
365
_c
RS
999
_c
1524
_d
1524